000
00295nam a2200109Ia 4500
008
220204s9999 xx 000 0 und d
082
_a
159.9
_b
GLO
100
_a
Glover, Leland E
245
0
_a
How to marry someone you can live with all your life
260
_a
New delhi
_b
Vikas
_c
1978
942
_c
BK
999
_c
32958
_d
32958